01362naa a22003377a 4500001001000000003000900010005001700019007000300036008003400039040005400073041000900127072001400136090001800150100001500168245004900183246005600232246005000288250001100338260003800349500015300387650000900540650001900549650001400568650001300582650001000595773020100605909003600806942001400842999001900856952014900875BR8400118BR-BrBNA20240918175404.0ta230509b bl.||||| |||| 00| 0 por d aBR-BrBNAbporcBiblioteca Nacional de Agricultura a(Pt) aF60b2120 aF60 BR84001181 aHiroce, R.1 aDiagnose foliar em cafeeiro [Coffea arabica]1 a[Foliar diagnosis in coffee plant [Coffea arabica]]1 a[Nutrition and fertilization of coffee plant]1 a2. ed.3 aPiracicaba, SP (Brasil): c1982.  aMalavolta, E.; Yamada, T.; Guidolin, J.A. (eds.) Nutricao e adubacao do cafeeiro 2. ed. Piracicaba, SP (Brasil): 1982. p. 117-137 (BR8400118-AM)F60  aCAFE aANALISE FOLIAR aNUTRIENTE aABSORCAO aFOLHA0 tNutricao e adubacao do cafeeiroaMalavolta, E.; Yamada, T.; Guidolin, J.A. (eds.). Instituto da Potassa e Fosfato, Piracicaba, SP (Brasil)wF60 BR8400118gPiracicaba, SP (Brasil), 1982. p. 117-137 a202404bLuciac55dLucia Elande cAM2AGRIS c316455d316455 002AGRIS40708Acervo Gerala41918b41918cAgrobasel0o2120 BR9505689r2024-05-20t01yAM10d2024-04-11ePortaria Interministerial nÂș 164/94